|
|
|
|
| LEADER |
00000naa2a2200000 4500 |
| 001 |
634164 |
| 005 |
20240111172858.0 |
| 035 |
|
|
|a (RuTPU)RU\TPU\conf\35949
|
| 035 |
|
|
|a RU\TPU\conf\35947
|
| 090 |
|
|
|a 634164
|
| 100 |
|
|
|a 20220411d2021 k y0rusy50 ca
|
| 101 |
0 |
|
|a rus
|
| 102 |
|
|
|a RU
|
| 105 |
|
|
|a y z 101zy
|
| 135 |
|
|
|a drgn ---uucaa
|
| 181 |
|
0 |
|a i
|
| 182 |
|
0 |
|a b
|
| 200 |
1 |
|
|a Анализ вариантов перехода турбины ПТ-60-130 на парогазовый цикл
|f В. С. Долиный, О. Ю. Ромашова, Б. Г. Ринчинов
|g науч. рук. О. Ю. Ромашова
|
| 203 |
|
|
|a Текст
|c электронный
|
| 225 |
1 |
|
|a Производство тепловой и электрической энергии
|
| 300 |
|
|
|a Заглавие с экрана
|
| 320 |
|
|
|a [Библиогр.: с. 200-201 (3 назв.)]
|
| 463 |
|
0 |
|0 (RuTPU)RU\TPU\conf\35907
|t Бутаковские чтения
|o материалы I Всероссийской с международным участием молодежной конференции, 15-16 декабря 2021 г., Томск
|f Национальный исследовательский Томский политехнический университет, Инженерная школа энергетики ; ред. кол. В. Е. Губин, Л. В. Савостьянова, А. О. Жданова [и др.]
|v [С. 197-201]
|d 2021
|
| 610 |
1 |
|
|a электронный ресурс
|
| 610 |
1 |
|
|a труды учёных ТПУ
|
| 610 |
1 |
|
|a переход
|
| 610 |
1 |
|
|a паровые турбины
|
| 610 |
1 |
|
|a ПТ-60-130
|
| 610 |
1 |
|
|a модернизация
|
| 610 |
1 |
|
|a электроэнергия
|
| 610 |
1 |
|
|a электрическая мощность
|
| 610 |
1 |
|
|a теплофизические характеристики
|
| 610 |
1 |
|
|a тепловая экономичность
|
| 700 |
|
1 |
|a Долиный
|b В. С.
|
| 701 |
|
1 |
|a Ромашова
|b О. Ю.
|c специалист в области теплоэнергетики
|c доцент Томского политехнического университета, кандидат технических наук
|f 1960-
|g Ольга Юрьевна
|3 (RuTPU)RU\TPU\pers\25534
|9 11464
|
| 701 |
|
1 |
|a Ринчинов
|b Б. Г.
|
| 702 |
|
1 |
|a Ромашова
|b О. Ю.
|c специалист в области теплоэнергетики
|c доцент Томского политехнического университета, кандидат технических наук
|f 1960-
|g Ольга Юрьевна
|4 727
|
| 712 |
0 |
2 |
|a Национальный исследовательский Томский политехнический университет
|b Инженерная школа энергетики
|b Научно-образовательный центр И. Н. Бутакова (НОЦ И. Н. Бутакова)
|3 (RuTPU)RU\TPU\col\23504
|
| 801 |
|
2 |
|a RU
|b 63413507
|c 20220415
|g RCR
|
| 856 |
4 |
|
|u http://earchive.tpu.ru/handle/11683/70582
|
| 942 |
|
|
|c BK
|